000 nam a22 7a 4500
999 _c9834
_d9834
008 180208b ||||| |||| 00| 0 eng d
100 _aDonne, J
_95921
245 _aCollected poems of John Danne
260 _aLondon
_bWordsworth Publication
_c2002